| 000 | 00790npc a2200217Ia 4500 | ||
|---|---|---|---|
| 001 | onu9-976 [d000000910] | ||
| 003 | IT-MiCISF | ||
| 008 | 161014s9999||||xx | und|| | ||
| 040 |
_aIT-MiCISF _cIT-MiCISF |
||
| 041 | _aen | ||
| 100 | _aAA.VV. | ||
| 240 | _aReview and Appraisal of the World Population Plan of Action. 1989 Report | ||
| 245 | 0 | _aReview and Appraisal of the World Population Plan of Action. 1989 Report | |
| 250 | _a1a ed. | ||
| 260 |
_a New York _bUnited Nations _c1989 |
||
| 300 | _app. 45 | ||
| 500 | _aDepartment of International Econimic and Social Affairs / popolazione, situazione-demografica, famiglia, economia, società, donna, politiche-sociali, mortalità, procreazione / | ||
| 650 | _apopolazione | ||
| 942 | _cDD | ||
| 957 | _71 | ||
| 999 |
_a976 _bsi _g1 _c205921 _d205921 |
||